[Event "Hebraica op 31st"]
[Site "Hebraica"]
[Date "2023.07.01"]
[Round "4"]
[White "Bacha, Helio Arthur"]
[Black "De Souza, Ricardo Alves"]
[Result "1/2-1/2"]
[WhiteElo "1522"]
[BlackElo "1301"]
[PlyCount "98"]
[EventDate "2023.06.30"]
[EventType "swiss"]
[EventRounds "6"]
[EventCountry "BRA"]
[SourceTitle "CBM 215 Extra"]
[Source "ChessBase"]
[SourceDate "2023.09.30"]
[SourceVersion "1"]
[SourceVersionDate "2023.09.30"]
[SourceQuality "1"]

1. d4 d5 2. Nf3 c5 3. dxc5 e6 4. c3 Bxc5 5. g3 Nf6 6. Bg2 0-0 7. 0-0 Nbd7 8. Nbd2 a6 9. b3 b5 10. Bb2 Bb7 11. Qc2 Rc8 12. Rac1 Qe7 13. e3 Rc7 14. Rfd1 Rfc8 15. Qd3 Bd6 16. Nd4 Nc5 17. Qe2 Nfe4 18. f3 Nf6 19. Nf1 Ncd7 20. Rc2 g6 21. Rcd2 e5 22. Nc2 Bc5 23. Kh1 e4 24. f4 Qf8 25. c4 bxc4 26. bxc4 dxc4 27. Bh3 c3 28. Bxc3 Be7 29. Bxf6 Nxf6 30. Bxc8 Qxc8 31. Nd4 Qh3 32. Qg2 Qh5 33. Qe2 Qh3 34. Qg2 Qh5 35. Kg1 Bb4 36. Re2 Bd5 37. Rb1 a5 38. Rc2 Rb7 39. a3 Bxa3 40. Rxb7 Bxb7 41. Qe2 Qh3 42. Nc6 Bxc6 43. Rxc6 Ng4 44. Rc8+ Kg7 45. Qc2 Bb4 46. Qb2+ Kh6 47. Rg8 f6 48. Qd4 Nxh2 49. Nxh2 Qxg3+ 1/2-1/2

[Event "BRA-ch Amateur U1600"]
[Site "Sao Paulo"]
[Date "2022.06.16"]
[Round "2"]
[White "De Souza, Ricardo Alves"]
[Black "Mangialardo, Gabriel Henrique"]
[Result "0-1"]
[WhiteElo "1800"]
[BlackElo "1591"]
[PlyCount "60"]
[EventDate "2022.06.16"]
[EventType "swiss"]
[EventRounds "7"]
[EventCountry "BRA"]
[SourceTitle "CBM 208 Extra"]
[Source "ChessBase"]
[SourceDate "2022.07.31"]
[SourceVersion "1"]
[SourceVersionDate "2022.07.31"]
[SourceQuality "1"]

1. d4 Nf6 2. Bf4 e6 3. e3 d5 4. c3 Bd6 5. Bg3 Ne4 6. Nd2 Nxg3 7. hxg3 Nd7 8. Ngf3 Qe7 9. Qc2 h6 10. Bd3 e5 11. dxe5 Nxe5 12. Be2 c6 13. 0-0-0 Ng4 14. Rdf1 Bxg3 15. fxg3 Nxe3 16. Qa4 Nxf1 17. Rxf1 0-0 18. Re1 Qc7 19. Qf4 Qa5 20. Kb1 c5 21. Nb3 Qb6 22. Bf1 Be6 23. Nfd2 a5 24. a4 d4 25. c4 Qb4 26. Qe4 b5 27. Bd3 g6 28. axb5 a4 29. Nc1 Qxd2 30. Na2 Bf5 0-1